000 00597nam a22001937a 4500
999 _c16318
_d16318
003 AR-CdUCM
008 190503b ||||| |||| 00| 0 esp d
040 _aMUNICIPALIDAD PROVINCIAL DEL CUSCO
_cBIBLIOTECA MUNICIPAL DEL CUSCO
082 _a858.9 /
_bM831
100 _a Moravia, Alberto
_913778
245 _aEl Desprecio /
_cAlberto Moravia
260 _aBuenos Aires ;
_bLosada,
_c1963.
300 _a199 páginas ;
_c22 cm.
650 _aNovelas italianas
_99329
650 _aSiglo XX.
_98
700 _aAttilio Dabini (Traductor)
_935695
942 _2ddc
_cLIBROS
945 _aacrt
_d2019-05-03